000
00293nam a22001097a 4500
008
230627b |||||||| |||| 00| 0 eng d
100
_a
MULTIMEDIA, Spenta
245
_a
Maharashtra
260
_a
Mumbai
_b
Maneck Davar
_c
2010
300
_a
203p
942
_2
ddc
_c
BK
_i
Geography/Travel
999
_c
3134
_d
3134